Pocahontas / (Record no. 4457)

MARC details
000 -LEADER
fixed length control field 00850nam a22002537a 4500
001 - CONTROL NUMBER
control field 4457
003 - CONTROL NUMBER IDENTIFIER
control field FISKH
005 - DATE AND TIME OF LATEST TRANSACTION
control field 20240911082859.0
008 - FIXED-LENGTH DATA ELEMENTS--GENERAL INFORMATION
fixed length control field 240911b cb ||||| |||| 00| 0 eng d
020 ## - INTERNATIONAL STANDARD BOOK NUMBER
International Standard Book Number 9780439917193
040 ## - CATALOGING SOURCE
Original cataloging agency FISKH
Language of cataloging eng
Transcribing agency FISKH
Modifying agency FISKH
050 ## - LIBRARY OF CONGRESS CALL NUMBER
Classification number E99.P85
082 ## - DEWEY DECIMAL CLASSIFICATION NUMBER
Edition number 975.501092
100 ## - MAIN ENTRY--PERSONAL NAME
Personal name Bruchac, Joseph
Dates associated with a name 1942-
245 ## - TITLE STATEMENT
Title Pocahontas /
Statement of responsibility, etc. Joseph Bruchac
250 ## - EDITION STATEMENT
Edition statement First printing in 2006
260 ## - PUBLICATION, DISTRIBUTION, ETC.
Place of publication, distribution, etc. New York :
Name of publisher, distributor, etc. Scholastic,
Date of publication, distribution, etc. 2006.
300 ## - PHYSICAL DESCRIPTION
Extent 178 pages :
Dimensions 20 cm
520 ## - SUMMARY, ETC.
Summary, etc. Told from the viewpoints of Pocahontas and John Smith, describes their lives in the context of the encounter between the Powhatan Indians and the English colonists of seventeenth-century Jamestown, Virginia.
650 ## - SUBJECT ADDED ENTRY--TOPICAL TERM
Source of heading or term Fiction
Topical term or geographic name entry element Native American
650 ## - SUBJECT ADDED ENTRY--TOPICAL TERM
Source of heading or term 17th century
Topical term or geographic name entry element Virginia
942 ## - ADDED ENTRY ELEMENTS (KOHA)
Source of classification or shelving scheme Dewey Decimal Classification
Koha item type Books
Suppress in OPAC No
Holdings
Withdrawn status Lost status Source of classification or shelving scheme Damaged status Not for loan Collection Home library Current library Shelving location Date acquired Total Checkouts Full call number Barcode Date last seen Copy number Price effective from Koha item type
    Dewey Decimal Classification     Fiction Footprints International School Library Network Toul Kork Campus Footprints International School Library Network Toul Kork Campus TTP Secondary Fiction Bookshelves 09/11/2024   BRU 975.501092 E99.P85 2024-1906 09/11/2024 1 09/11/2024 Books
    Dewey Decimal Classification     Fiction Footprints International School Library Network Toul Kork Campus Footprints International School Library Network Toul Kork Campus TTP Secondary Fiction Bookshelves 09/11/2024   BRU 975.501092 E99.P85 2024-1913 09/11/2024 2 09/11/2024 Books
    Dewey Decimal Classification     Fiction Footprints International School Library Network Toul Kork Campus Footprints International School Library Network Toul Kork Campus TTP Secondary Fiction Bookshelves 09/11/2024   BRU 975.501092 E99.P85 FISSE00469 11/07/2024 3 09/11/2024 Books
    Dewey Decimal Classification     Fiction Footprints International School Library Network Toul Kork Campus Footprints International School Library Network Toul Kork Campus TTP Secondary Fiction Bookshelves 09/11/2024   BRU 975.501092 E99.P85 FISSE00472 11/07/2024 4 09/11/2024 Books